LIBRARY & INFORMATION CENTRE, KCAET, TAVANUR

ONLINE PUBLIC ACCESS CATALOGUE (OPAC)

The Text book of building construction / (Record no. 14390)

MARC details
000 -LEADER
fixed length control field 00459nam a22001817a 4500
003 - CONTROL NUMBER IDENTIFIER
control field OSt
008 - FIXED-LENGTH DATA ELEMENTS--GENERAL INFORMATION
fixed length control field 240320b |||||||| |||| 00| 0 eng d
020 ## - INTERNATIONAL STANDARD BOOK NUMBER
ISBN 9788189928803
041 ## - LANGUAGE CODE
Language code of text/sound track or separate title eng
082 ## - DEWEY DECIMAL CLASSIFICATION NUMBER
Classification number 690
Item number ARO/TE
100 ## - MAIN ENTRY--AUTHOR NAME
Personal name Arora,S.P
100 ## - MAIN ENTRY--AUTHOR NAME
Personal name Bindra,S.P
245 ## - TITLE STATEMENT
Title The Text book of building construction /
250 ## - EDITION STATEMENT
Edition statement 5 th Rev
260 ## - PUBLICATION, DISTRIBUTION, ETC. (IMPRINT)
Place of publication New Delhi :
Name of publisher Dhanapat arai Publications(P)Ltd,
Year of publication 2011.
300 ## - PHYSICAL DESCRIPTION
Number of Pages A-1.14
942 ## - ADDED ENTRY ELEMENTS (KOHA)
Koha item type Books
Holdings
Withdrawn status Lost status Damaged status Collection code Home library Current library Shelving location Date acquired Source of acquisition Cost, normal purchase price Full call number Accession Number Koha item type
        KAUAET KAUAET General Stacks 30/03/2013 Aman Book Stall, Calicut 355.00 690 ARO/TE 24012 Books
free website counter